000 01013nac a22002657a 4500
001 BR7800364
003 BR-BrBNA
005 20240105114201.0
008 230509b bl.|||m| |||| 00| 0 por d
040 _aBR-BrBNA
_bpor
_cBiblioteca Nacional de Agricultura
072 _aM00; A50
090 _a8310 BR7800364
110 1 _aPrograma de Pesquisa e Desenvolvimento Pesqueiro do Brasil, Brasilia, DF
_97975
245 1 _aRelatorio sobre a reuniao tecnica relativa ao acordo entre Brasil e Estados Unidos para a pesca de camarao no norte do Brasil (28/03 a 01/04 de 1977 - Miami, U.S.A.)
260 3 _aBrasilia, DF (Brasil):
_c1977.
300 _a26 p.
490 _aDocumentos Tecnicos - Programa de Pesquisa e Desenvolvimento Pesqueiro do Brasil (Brazil)
_vno. 27
_x
500 _a5 illus.; 7 tables; Summaries (En, Pt)
650 _aPROGRAMA DE PESQUISA
650 _aPESCA
650 _aCAMARAO
650 _aREGIAO NORTE
909 _a202312
_bLúcia Elande
_c55
_dLúcia Elande
942 _2AGRIS
_n0
_cMS
999 _c267872
_d267872